KOTLC powers - Statistics

General Stats
  • This quiz has been taken 380 times
  • The average score is 16 of 22
Answer Stats
Hint Answer % Correct
Tam's power Shade
90%
Keefe's power Empath
88%
Dex's cool power Technopath
88%
Elves put gloves on to block this ability Enhancer
87%
Elwin's power Flasher
87%
Nobody knows when Sophie uses this power cause she's slick Telepath
85%
Biana really likes to use it Vanisher
85%
Water power Hydrokinetic
84%
Bronte's cruel power Inflictor
84%
Grady's power Mesmer
82%
Brant's awesome power! Pyrokinetic
82%
Blur's power Phaser
77%
Edaline's amazing power Conjurer
76%
Dex was stuck in a hot room to see if he was a _______ Froster
76%
Councillor Terik's rare ability Descryer
74%
Language power Polyglot
71%
Councillor Alina's power Beguiler
55%
Force field power Psionipath
52%
Councillor Zarina's power Charger
47%
Marella's dad's power Guster
45%
Councillor Noland's power Vociferator
41%
Sophie's unforgettable power that only she has Teleportation
38%
No matching quizzes found
Score Distribution
Percent of People with Each Score
Percentile by Number Answered
Your Score History
You have not taken this quiz